Percepce korupce mezi úředníky územních samosprávných celků

Vnímanie úplatkárstva, korupcie a korupčného jednania úradníkov územných samosprávnych celkov. Poukázanie na znalosť, prípadne na neznalosť právnych predpisov súvisiacich s prejavom korupcie. Modelové situácie a ich možné riešenia.

Gespeichert in:
Bibliographische Detailangaben
1. Verfasser: Sciskalová, Marie
Weitere Verfasser: Harasimová, Soňa
Format: Buchkapitel
Sprache:Tschechisch
Schlagworte:
Tags: Tag hinzufügen
Keine Tags, Fügen Sie das erste Tag hinzu!

MARC

LEADER 00000naa a2200000 4500
001 0272561
005 20210312095316.8
041 0 |a cze 
044 |a SK 
245 1 0 |a Percepce korupce mezi úředníky územních samosprávných celků  |c Marie Sciskalová, Soňa Harasimová 
520 |a Vnímanie úplatkárstva, korupcie a korupčného jednania úradníkov územných samosprávnych celkov. Poukázanie na znalosť, prípadne na neznalosť právnych predpisov súvisiacich s prejavom korupcie. Modelové situácie a ich možné riešenia. 
610 2 0 |a korupcia 
610 2 0 |a vyššie územné celky 
610 2 0 |a správa verejná 
610 2 0 |a kódexy etické 
100 1 |a Sciskalová, Marie 
700 1 |a Harasimová, Soňa